书目信息 |
| 题名: |
重点小学获奖作文大观
|
|
| 作者: | 陈灵 | |
| 分册: | ||
| 出版信息: |
|
|
| 页数: | 121页 | |
| 开本: | 19cm | |
| 丛书名: | ||
| 单 册: | ||
| 中图分类: | H194.4 | |
| 科图分类: | ||
| 主题词: | 汉语--语言教学 | |
| 电子资源: | ||
| ISBN: | ||
| 000 | 00487nam0 2200181 45 | |
| 001 | 0308271081 | |
| 005 | 20030827105608.5 | |
| 010 | @dRMB10.80 | |
| 100 | @a20030827d km y0chiy0120 ea | |
| 101 | @achi | |
| 105 | @a z 000yy | |
| 200 | 1 | @a重点小学获奖作文大观@Azhong dian xiao xue huo jiang zuo wen da guan@f陈灵@Fchen ling |
| 215 | @a121页@c无图表@d19cm | |
| 606 | 0 | @a汉语@x语言教学 |
| 690 | @aH194.4@v3 | |
| 701 | 0 | @a陈灵 |
| 801 | @aCN@b@c20030827 | |
| 905 | @aBZT@dH194.4@e372 | |
| 重点小学获奖作文大观/陈灵 |
| 121页:无图表;19cm |
| ISBN :RMB10.80 |
| ● |
| 相关链接 |
|
|
|
正题名:重点小学获奖作文大观
索取号:H194.4/372
 
预约/预借
| 序号 | 登录号 | 条形码 | 馆藏地/架位号 | 状态 | 备注 |
| 1 | 103064 | 200088341 | 中心书库中库/ 中库040架B面4列2层5/ [索取号:H194.4/372] | 在馆 | |
| 2 | 103065 | 200088314 | 中心书库中库/ 中库040架B面4列2层2/ [索取号:H194.4/372] | 在馆 | |
| 3 | 103066 | 200088323 | 中心书库中库/ 中库040架B面4列2层3/ [索取号:H194.4/372] | 在馆 | |
| 4 | 103067 | 200088332 | 中心书库中库/ 中库040架B面4列2层4/ [索取号:H194.4/372] | 在馆 |